| 000 | 00865pam a2200277 a 4500 | ||
|---|---|---|---|
| 001 | 3295165 | ||
| 003 | USPCAS-E | ||
| 005 | 20180118181416.0 | ||
| 008 | 830124s1984 njua b 001 0 eng | ||
| 010 | _a 83003086 | ||
| 020 | _a013709907X | ||
| 040 |
_aDLC _cDLC _dDLC |
||
| 050 | 0 | 0 |
_aTK9210 _b.C48 1984 |
| 082 | 0 | 0 |
_a621.48 _219 _bCHI-P 1984 |
| 100 | 1 | _aChilton, Arthur B. | |
| 245 | 1 | 0 |
_aPrinciples of radiation shielding / _cArthur B. Chilton, J. Kenneth Shultis, and Richard E. Faw. |
| 260 |
_aEnglewood Cliffs, NJ : _bPrentice-Hall, _cc1984. |
||
| 300 |
_aviii, 488 p. : _bill. ; _c24 cm. |
||
| 502 | _a. | ||
| 504 | _aIncludes bibliographical references and index. | ||
| 650 | 0 | _aShielding (Radiation) | |
| 700 | 1 | _aShultis, J. Kenneth. | |
| 700 | 1 | _aFaw, Richard E. | |
| 906 |
_a7 _bcbc _corignew _d1 _eocip _f19 _gy-gencatlg |
||
| 942 |
_2ddc _cBK |
||
| 999 |
_c355857 _d355857 |
||